<?xml version="1.0" encoding="UTF-8"?>
<record
    xmlns:xsi="http://www.w3.org/2001/XMLSchema-instance"
    xsi:schemaLocation="http://www.loc.gov/MARC21/slim http://www.loc.gov/standards/marcxml/schema/MARC21slim.xsd"
    xmlns="http://www.loc.gov/MARC21/slim">

  <leader>08550nas a2201381 a 4500</leader>
  <controlfield tag="001">38256</controlfield>
  <controlfield tag="003">BD-RjUL</controlfield>
  <controlfield tag="005">20211209052747.0</controlfield>
  <controlfield tag="008">751101c19619999enkbx p       0   a0eng c</controlfield>
  <datafield tag="035" ind1=" " ind2=" ">
    <subfield code="a">(OCoLC)01753369</subfield>
  </datafield>
  <datafield tag="035" ind1=" " ind2=" ">
    <subfield code="a">(BD-RjUL)38361</subfield>
  </datafield>
  <datafield tag="040" ind1=" " ind2=" ">
    <subfield code="a">MUL</subfield>
    <subfield code="c">MUL</subfield>
    <subfield code="d">OCL</subfield>
    <subfield code="d">COO</subfield>
    <subfield code="d">HUL</subfield>
    <subfield code="d">DLC</subfield>
    <subfield code="d">OCL</subfield>
    <subfield code="d">RCS</subfield>
    <subfield code="d">DLC</subfield>
    <subfield code="d">HUL</subfield>
    <subfield code="d">NST</subfield>
    <subfield code="d">NSD</subfield>
    <subfield code="d">SYS</subfield>
    <subfield code="d">TJC</subfield>
    <subfield code="d">OCLCQ</subfield>
    <subfield code="d">NLM</subfield>
    <subfield code="d">NLGGC</subfield>
    <subfield code="d">LGG</subfield>
    <subfield code="d">OCLCQ</subfield>
    <subfield code="d">MYG</subfield>
  </datafield>
  <datafield tag="042" ind1=" " ind2=" ">
    <subfield code="a">pcc</subfield>
    <subfield code="a">nsdp</subfield>
  </datafield>
  <datafield tag="049" ind1=" " ind2=" ">
    <subfield code="a">MYGG</subfield>
  </datafield>
  <datafield tag="060" ind1="0" ind2="0">
    <subfield code="a">Z 7405.O7</subfield>
    <subfield code="b">I61</subfield>
  </datafield>
  <datafield tag="082" ind1="0" ind2="4">
    <subfield code="a">658.4034</subfield>
    <subfield code="2">23</subfield>
    <subfield code="b">IAOR 1979</subfield>
  </datafield>
  <datafield tag="245" ind1="0" ind2="0">
    <subfield code="a">International abstracts in operations research.</subfield>
  </datafield>
  <datafield tag="246" ind1="1" ind2="3">
    <subfield code="a">O.R. International abstracts in operations research</subfield>
  </datafield>
  <datafield tag="246" ind1="1" ind2="3">
    <subfield code="a">IAOR</subfield>
    <subfield code="f">&lt;Aug. 1992-&gt;</subfield>
  </datafield>
  <datafield tag="260" ind1=" " ind2=" ">
    <subfield code="a">Houndmills, Basingstoke, Hampshire [etc.]</subfield>
    <subfield code="b">Palgrave Press on behalf of the International Federation of Operational Research Societies [etc.]</subfield>
  </datafield>
  <datafield tag="300" ind1=" " ind2=" ">
    <subfield code="a">v.</subfield>
    <subfield code="c">23-24 cm.</subfield>
  </datafield>
  <datafield tag="321" ind1=" " ind2=" ">
    <subfield code="a">Five no. a year (irregular),</subfield>
    <subfield code="b">Nov. 1961-&lt;Sept. 1963&gt;</subfield>
  </datafield>
  <datafield tag="321" ind1=" " ind2=" ">
    <subfield code="a">Quarterly,</subfield>
    <subfield code="b">&lt;Mar. 1977-Dec. 1980&gt;</subfield>
  </datafield>
  <datafield tag="321" ind1=" " ind2=" ">
    <subfield code="a">Bimonthly,</subfield>
    <subfield code="b">&lt;1982&gt;-2000</subfield>
  </datafield>
  <datafield tag="550" ind1=" " ind2=" ">
    <subfield code="a">1961-June 1970 published by the Operations Research Society of America; Aug. 1970-72 published by International Federation of Operational Research Societies; 1973- published for the International Federation of Operations Research Societies by Operations Research Society of America; &lt;Mar. 1975&gt;-June 1988 published for the International Federation of Operational Research Societies by North-Holland Pub. Co.; Aug. 1988-1990 published for the Federation by Elsevier Science Publishers; 1991-June 1993 published by International Federation of Operational Research Societies; Aug. 1993-1994 published by Macmillan on behalf of the Federation; 1995-2000 published by Stockton Press on behalf of the Federation; 2001- published by Palgrave Press on behalf of the Federation.</subfield>
  </datafield>
  <datafield tag="650" ind1=" " ind2="0">
    <subfield code="a">Operations research</subfield>
    <subfield code="v">Abstracts</subfield>
    <subfield code="v">Periodicals.</subfield>
    <subfield code="9">118269</subfield>
  </datafield>
  <datafield tag="710" ind1="2" ind2=" ">
    <subfield code="a">International Federation of Operational Research Societies.</subfield>
    <subfield code="9">118270</subfield>
  </datafield>
  <datafield tag="710" ind1="2" ind2=" ">
    <subfield code="a">Operations Research Society of America.</subfield>
    <subfield code="9">118271</subfield>
  </datafield>
  <datafield tag="740" ind1="0" ind2=" ">
    <subfield code="a">IAOR online.</subfield>
  </datafield>
  <datafield tag="776" ind1="0" ind2="8">
    <subfield code="i">Online version:</subfield>
    <subfield code="t">International abstracts in operations research</subfield>
    <subfield code="w">(OCoLC)565113714</subfield>
  </datafield>
  <datafield tag="856" ind1="4" ind2="1">
    <subfield code="u">http://www.palgrave-journals.com/iaor/index.html</subfield>
  </datafield>
  <datafield tag="910" ind1=" " ind2=" ">
    <subfield code="a">jle100803/2</subfield>
  </datafield>
  <datafield tag="936" ind1=" " ind2=" ">
    <subfield code="a">Aug. 1992</subfield>
    <subfield code="a">Vol. 52, no. 4 (June 2001)</subfield>
  </datafield>
  <datafield tag="942" ind1=" " ind2=" ">
    <subfield code="2">ddc</subfield>
    <subfield code="c">CR</subfield>
  </datafield>
  <datafield tag="949" ind1=" " ind2="1">
    <subfield code="1">MIT Access Only</subfield>
    <subfield code="a">n-mit</subfield>
    <subfield code="b">NET</subfield>
    <subfield code="h">**See URL(s)</subfield>
    <subfield code="o">8</subfield>
    <subfield code="x">02</subfield>
  </datafield>
  <datafield tag="956" ind1="4" ind2="1">
    <subfield code="u">http://libraries.mit.edu/get/iaor</subfield>
  </datafield>
  <datafield tag="999" ind1=" " ind2=" ">
    <subfield code="c">38256</subfield>
    <subfield code="d">38256</subfield>
  </datafield>
  <datafield tag="952" ind1=" " ind2=" ">
    <subfield code="0">0</subfield>
    <subfield code="1">0</subfield>
    <subfield code="2">ddc</subfield>
    <subfield code="4">0</subfield>
    <subfield code="7">1</subfield>
    <subfield code="a">RUCL</subfield>
    <subfield code="b">RUCL</subfield>
    <subfield code="c">Serial</subfield>
    <subfield code="d">2015-10-18</subfield>
    <subfield code="h">V. 19, 1979</subfield>
    <subfield code="l">0</subfield>
    <subfield code="o">P 658.4034 IAOR V-19 1979</subfield>
    <subfield code="r">2015-10-18 00:00:00</subfield>
    <subfield code="t">C.1</subfield>
    <subfield code="w">2015-10-18</subfield>
    <subfield code="y">CR</subfield>
  </datafield>
</record>
